Clubs Formateur des 26 Français présents à la Coupe du Monde 2022 - Statistiques

Statistiques générales
  • Ce quiz a été pris 305 fois
  • Le résultat moyen est 19 sur 26
Statistiques - réponses
Maillot
Joueur Club Formateur % Correct
10 Kylian Mbappé AS Monaco
95%
19 Karim Benzema Olympique Lyonnais
94%
4 Raphaël Varane RC Lens
93%
25 Eduardo Camavinga Stade Rennais FC
93%
1 Hugo Lloris OGC Nice
92%
23 Alphonse Areola Paris SG
92%
14 Adrien Rabiot Paris SG
91%
20 Kingsley Coman Paris SG
91%
11 Ousmane Dembélé Stade Rennais FC
91%
5 Jules Koundé Girondins de Bordeaux
89%
2 Benjamin Pavard Lille OSC
87%
7 Antoine Griezmann Real Sociedad
87%
8 Aurélien Tchouaméni Girondins de Bordeaux
85%
22 Théo Hernandez Atlético Madrid
83%
12 Randal Kolo Muani FC Nantes
81%
17 William Saliba AS Saint-Étienne
78%
21 Lucas Hernandez Atlético Madrid
77%
15 Jordan Veretout FC Nantes
72%
6 Mattéo Guendouzi FC Lorient
68%
16 Steve Mandanda Le Havre AC
65%
9 Olivier Giroud Grenoble Foot 38
62%
13 Youssouf Fofana RC Strasbourg
44%
24 Ibrahima Konaté FC Sochaux-Montbéliard
43%
26 Marcus Thuram FC Sochaux-Montbéliard
36%
18 Dayot Upamecano Valenciennes FC
25%
3 Axel Disasi Paris FC
19%
Aucun quiz correspondant
Distribution des résultats
% des personnes avec chaque résultat
Percentile par nombre de réponses
Votre historique - résultats
Vous n’avez pas pris ce quiz